Statystyki dla Państwa należące do NATO

Kliknij tutaj aby rozwiązać quiz!

Ogólne statystyki

  • Ten quiz został rozwiązany 434 razy
  • Średni wynik to 26 z 30

Odpowiedzi na mapie

Odpowiedzi skodowane kolorowo w zielono-czerwonej skali na mapie do tego quizu, zgodnie z poniższymi procentami.
 

Statystyki odpowiedzi

Państwo% Poprawnych
Polska
100%
Stany Zjednoczone
98%
Francja
97%
Niemcy
97%
Hiszpania
96%
Włochy
95%
Portugalia
94%
Czechy
93%
Wielka Brytania
93%
Litwa
92%
Słowacja
92%
Łotwa
90%
Grecja
89%
Holandia
89%
Kanada
89%
Belgia
88%
Estonia
88%
Węgry
88%
Norwegia
87%
Rumunia
87%
Turcja
86%
Chorwacja
85%
Dania
85%
Bułgaria
83%
Albania
82%
Islandia
81%
Słowenia
81%
Luksemburg
72%
Macedonia Północna
71%
Czarnogóra
70%

Rozkład punktacji

Percentyl według liczby udzielonych odpowiedzi

Procent ludzi z każdym wynikiem

Twoja historia wyników

Nie rozwiązałeś tego quizu